Hobbes / (Record no. 172626)
[ view plain ]
| 000 -LEADER | |
|---|---|
| campo de control de longitud fija | 00673nam a2200205 i 4500 |
| 001 - NÚMERO DE CONTROL | |
| campo de control | 172626 |
| 003 - IDENTIFICADOR DE NÚMERO DE CONTROL | |
| campo de control | ES-MaACL |
| 005 - FECHA Y HORA DE LA ÚLTIMA TRANSACCIÓN | |
| campo de control | 20230906215003.0 |
| 008 - DATOS DE LONGITUD FIJA--INFORMACIÓN GENERAL | |
| campo de control de longitud fija | 090803s1956 xxk |||| | eng d |
| 080 ## - NÚMERO DE LA CLASIFICACIÓN DECIMAL UNIVERSAL | |
| Número de la Clasificación Decimal Universal | 1 Hobbes, Thomas |
| 100 1# - ENTRADA PRINCIPAL--NOMBRE DE PERSONA | |
| Nombre de persona | Peters, R. S. |
| 9 (RLIN) | 91475 |
| 245 10 - MENCIÓN DEL TÍTULO | |
| Título | Hobbes / |
| Mención de responsabilidad, etc. | Richard Peters. |
| 260 ## - PUBLICACIÓN, DISTRIBUCIÓN, ETC. | |
| Lugar de publicación, distribución, etc. | Harmondsworth, Middlesex : |
| Nombre del editor, distribuidor, etc. | Penguin Books, |
| Fecha de publicación, distribución, etc. | 1956. |
| 300 ## - DESCRIPCIÓN FÍSICA | |
| Extensión | 272 p. ; |
| Dimensiones | 18 cm. |
| 490 1# - MENCIÓN DE SERIE | |
| Mención de serie | Pelican philosophy ; |
| Designación de volumen o secuencia | 367 |
| 600 04 - PUNTO DE ACCESO ADICIONAL DE MATERIA--NOMBRE DE PERSONA | |
| Nombre de persona | Hobbes, Thomas- |
| Subdivisión general | Crítica e interpretación. |
| 9 (RLIN) | 63854 |
| 830 0# - PUNTO DE ACCESO ADICIONAL DE SERIE-TÍTULO UNIFORME | |
| Título uniforme | Pelican philosophy ; |
| Designación de volumen o secuencia | 367 |
| 9 (RLIN) | 223396 |
| 852 4# - LOCALIZACIÓN | |
| Ubicación | ES-MaACL |
| Número de control de estantería | E-12912 |
| itemnumber | R.139276 |
| Nota libre | . - Biblioteca Jacinto Martínez Lacalle |
| Estatus retirado | Estado de pérdida | Estado de daño | No para préstamo | Biblioteca de origen | Biblioteca actual | Ubicación en estantería | Fecha de adquisición | Fuente de adquisición | Total de préstamos | Signatura topográfica completa | Código de barras | Visto por última vez | Precio de reemplazo | Tipo de ítem Koha |
|---|---|---|---|---|---|---|---|---|---|---|---|---|---|---|
| Biblioteca del Ateneo de Madrid | Biblioteca del Ateneo de Madrid | Depósito 2 | 03/08/2009 | E-12912 | 1181156 | 23/02/2023 | 23/02/2023 | Libro impreso |
